Power system analysis (Record no. 1347)

000 -LEADER
fixed length control field 00590nam a2200229 a 4500
001 - CONTROL NUMBER
control field 1347
003 - CONTROL NUMBER IDENTIFIER
control field BD-DhUET
008 - FIXED-LENGTH DATA ELEMENTS--GENERAL INFORMATION
fixed length control field 931008s1994 nyua 001 0 eng
020 ## - INTERNATIONAL STANDARD BOOK NUMBER
International Standard Book Number 0070585156
020 ## - INTERNATIONAL STANDARD BOOK NUMBER
International Standard Book Number 0071133380
040 ## - CATALOGING SOURCE
Original cataloging agency DLC
Transcribing agency DLC
Modifying agency BD-DhUET
082 00 - DEWEY DECIMAL CLASSIFICATION NUMBER
Classification number 623.19
Item number GRA/1994
100 1# - MAIN ENTRY--PERSONAL NAME
Personal name Grainger, John J.
245 10 - TITLE STATEMENT
Title Power system analysis
250 ## - EDITION STATEMENT
Edition statement 1st ed.
260 ## - PUBLICATION, DISTRIBUTION, ETC. (IMPRINT)
Place of publication, distribution, etc. New York
Name of publisher, distributor, etc. McGraw-Hill
Date of publication, distribution, etc. 1994
300 ## - PHYSICAL DESCRIPTION
Extent xix, 787 p.
Other physical details ill.
504 ## - BIBLIOGRAPHY, ETC. NOTE
Bibliography, etc Includes bibliographies
650 #0 - SUBJECT ADDED ENTRY--TOPICAL TERM
Topical term or geographic name as entry element Electric power systems-Management
700 1# - ADDED ENTRY--PERSONAL NAME
Personal name Stevenson, William D.
942 ## - ADDED ENTRY ELEMENTS (KOHA)
Koha item type General Book
Holdings
Lost status Koha normalized classification for sorting Not for loan Koha renewals Sublocation or collection (holding branch) Price effective from Koha date last borrowed Location (home branch) Copy number Damaged status Koha full call number Source of classification or shelving scheme Withdrawn status Koha issues (times borrowed) Shelving location Date acquired Koha item type Koha out on loan Koha date last seen Piece designation (barcode)
 623_000000000000000_19GRA1994  Central Library, BUET2014-09-032024-03-04Central Library, BUET1 623.19/GRA/1994  5Circulation section2014-09-03General Book 2024-06-01103960
 623_000000000000000_19GRA1994  Central Library, BUET2014-09-032019-05-06Central Library, BUET2 623.19/GRA/1994  1Circulation section2014-09-03General Book 2020-01-14103961
 623_000000000000000_19GRA1994 1Central Library, BUET2014-09-032025-07-13Central Library, BUET3 623.19/GRA/1994  3Circulation section2014-09-03General Book 2025-11-03103962
 623_000000000000000_19GRA1994  Central Library, BUET2014-09-032019-10-21Central Library, BUET4 623.19/GRA/1994  1Circulation section2014-09-03General Book 2025-04-22103963
 623_000000000000000_19GRA1994  Central Library, BUET2014-09-032023-11-27Central Library, BUET5 623.19/GRA/1994  1Circulation section2014-09-03General Book2023-12-112023-11-27103964
 623_000000000000000_19GRA1994  Central Library, BUET2014-09-03 Central Library, BUET6 623.19/GRA/1994   Circulation section2014-09-03General Book 2016-01-26103965
 623_000000000000000_19GRA1994 2Central Library, BUET2014-09-032021-02-13Central Library, BUET7 623.19/GRA/1994  1Circulation section2014-09-03General Book 2021-12-13103966
 623_000000000000000_19GRA1994  Central Library, BUET2014-09-032022-02-06Central Library, BUET8 623.19/GRA/1994  2Circulation section2014-09-03General Book2023-02-062022-02-06103967
 623_000000000000000_19GRA1994  Central Library, BUET2014-09-032025-05-03Central Library, BUET9 623.19/GRA/1994  5Circulation section2014-09-03General Book2025-05-172025-05-03103968
 623_190000000000000_GRA_1994  Central Library, BUET2015-06-21 Central Library, BUET10 623.19/GRA/1994   Reading section2015-06-21Reading Item 2015-06-2189529
 623_190000000000000_GRA_1994  Central Library, BUET2015-06-21 Central Library, BUET11 623.19/GRA/1994   Reading section2015-06-21Reading Item 2015-06-2191138
 623_190000000000000_GRA_1994  Central Library, BUET2015-07-02 Central Library, BUET12 623.19/GRA/1994   Reading section2015-07-02Reading Item 2015-07-0290777